Aldo Giovanni e Giacomo - Filmografia - Statistics

Statistiche generali
  • Questo quiz è stato fatto 99 volte
  • Il punteggio medio è 8 su 13
Statistiche sulle risposte
Anno Regia Risposta % Corretto
1997 Massimo Venier Tre uomini e una gamba
97%
2004 Massimo Venier Tu la conosci Claudia?
87%
2000 Aldo, Giovanni e Giacomo - Massimo Venier Chiedimi se sono felice
84%
2002 Aldo, Giovanni e Giacomo - Massimo Venier La leggenda di Al, John e Jack
81%
2008 Marcello Cesena Il cosmo sul comò
80%
2010 Paolo Genvoese La banda dei Babbi Natale
77%
1998 Massimo Venier Così è la vita
70%
2016 Aldo, Giovanni e Giacomo - Morgan Bertacca Fuga da Reuma Park
63%
2020 Massimo Venier Odio l'estate
61%
2014 Aldo, Giovanni e Giacomo - Morgan Bertacca Il ricco, il povero e il maggiordomo
57%
2022 Massimo Venier Il grande giorno
49%
2006 Arturo Brachetti - Rinaldo Gaspari Anplagghed al cinema
10%
2013 Morgan Bertacca Ammutta muddica al cinema
3%
Nessun quiz corrispondente trovato
Distribuzione punteggi
Percentuale di utenti per punteggio
Percentile per numero di risposta
I tuoi punteggi nel tempo
Non hai fatto questo quiz